Инженерная геоэкология: учебник

書誌詳細
第一著者: Голицын А. Н. Артур Николаевич
要約:В учебнике содержится материал по основам метеорологии, почвоведения и гидрологии, необходимый для теоретической подготовки экологов среднего звена по специальности «Охрана окружающей среды и рациональное использование природных ресурсов» и по другим специализациям, а также для проведения практических экологических работ. Для студентов учреждений среднего экологического образования и непрофильных вузов, для учащихся старших классов школ с экологическим уклоном и всех тех, кто интересуется современными проблемами охраны окружающей среды.
言語:ロシア語
出版事項: Москва, Оникс, 2007
シリーズ:Для среднего профессионального образования
主題:
フォーマット: MixedMaterials 図書
KOHA link:https://koha.lib.tpu.ru/cgi-bin/koha/opac-detail.pl?biblionumber=123559

MARC

LEADER 00000nam0a2200000 4500
001 123559
005 20231031130516.0
010 |a 9785488009295 
035 |a (RuTPU)RU\TPU\book\133739 
090 |a 123559 
100 |a 20071019d2007 m y0rusy50 ca 
101 0 |a rus 
102 |a RU 
105 |a a j 001zy 
200 1 |a Инженерная геоэкология  |e учебник  |f А. Н. Голицын 
210 |a Москва  |c Оникс  |d 2007 
215 |a 368 с.  |c ил. 
225 1 |a Для среднего профессионального образования 
320 |a Литература: с. 365. 
330 |a В учебнике содержится материал по основам метеорологии, почвоведения и гидрологии, необходимый для теоретической подготовки экологов среднего звена по специальности «Охрана окружающей среды и рациональное использование природных ресурсов» и по другим специализациям, а также для проведения практических экологических работ. Для студентов учреждений среднего экологического образования и непрофильных вузов, для учащихся старших классов школ с экологическим уклоном и всех тех, кто интересуется современными проблемами охраны окружающей среды. 
610 1 |a инженерная геоэкология 
610 1 |a учебники 
610 1 |a метеорология 
610 1 |a почвоведение 
610 1 |a гидрология 
610 1 |a атмосфера 
610 1 |a лучистая энергия 
610 1 |a тепловой режим 
610 1 |a водяной пар 
610 1 |a осадки 
610 1 |a атмосферное давление 
610 1 |a воздушные течения 
610 1 |a почва 
610 1 |a почвообразование 
610 1 |a плодородие 
610 1 |a эрозия 
610 1 |a экология 
610 1 |a реки 
610 1 |a озера 
610 1 |a водохранилища 
610 1 |a болота 
610 1 |a ледники 
610 1 |a воды подземные 
610 1 |a Мировой Океан 
675 |a 55:502.4(075.8)  |v 3 
700 1 |a Голицын  |b А. Н.  |g Артур Николаевич 
801 1 |a RU  |b 63413507  |c 20071019  |g PSBO 
801 2 |a RU  |b 63413507  |c 20150205  |g PSBO 
900 |a Инженерная геология 
900 |a Инженерная геоэкология 
900 |a Метеорология и климатология 
900 |a Почвоведение 
900 |a Почвоведение и экология почв 
900 |a Гидрология 
900 |a Гидрология и гидрометрия 
942 |c BK 
952 |a 550000